Voluntary action in a developing society (Record no. 475953)

000 -LEADER
fixed length control field 00426cam a22001337a 4500
008 - FIXED-LENGTH DATA ELEMENTS--GENERAL INFORMATION
fixed length control field 180718b1969 xxu||||| |||| 00| 0 eng d
082 ## - DEWEY DECIMAL CLASSIFICATION NUMBER
Classification number Q1x54 In2
100 ## - MAIN ENTRY--PERSONAL NAME
Personal name Kulkarni, V.M.
245 ## - TITLE STATEMENT
Title Voluntary action in a developing society
Statement of responsibility, etc. By V.M. kulkarni
260 ## - PUBLICATION, DISTRIBUTION, ETC.
Place of publication, distribution, etc. New Delhi
Name of publisher, distributor, etc. Indian Institute of Public Administration
Date of publication, distribution, etc. 1969
300 ## - PHYSICAL DESCRIPTION
Extent 66p.
500 ## - GENERAL NOTE
General note Three lectures at IIPA, Feb. 1964
650 ## - SUBJECT ADDED ENTRY--TOPICAL TERM
Topical term or geographic name entry element Social Service - India
Holdings
Withdrawn status Lost status Damaged status Not for loan Permanent Location Current Location Date acquired Full call number Barcode Date last seen Price effective from Koha item type Source of classification or shelving scheme
        Indian Institute of Public Administration Indian Institute of Public Administration 2018-08-04 Q1x54 In2 GR8105 2018-08-04 2018-08-04 GR  
        Indian Institute of Public Administration Indian Institute of Public Administration 2018-08-04 Q1x54 In2 GR8104 2018-08-04 2018-08-04 GR  
        Indian Institute of Public Administration Indian Institute of Public Administration 2018-08-04 Q1x54 In2 GR8103 2018-08-04 2018-08-04 GR  
        Indian Institute of Public Administration Indian Institute of Public Administration 2018-08-04 Q1x54 In2 GR8102 2018-08-04 2018-08-04 GR  
        Indian Institute of Public Administration Indian Institute of Public Administration 2018-08-04 Q1x54 In2 GR8101 2018-08-04 2018-08-04 GR  
        Indian Institute of Public Administration Indian Institute of Public Administration 2018-08-04 Q1x54 In2 GR8100 2018-08-04 2018-08-04 GR  
        Indian Institute of Public Administration Indian Institute of Public Administration 2019-09-16 Q1x54 In2/c.7 GR21737 2019-09-16 2019-09-16 GR  
        Indian Institute of Public Administration Indian Institute of Public Administration 2019-09-16 Q1x54 In2/c.8 GR21736 2019-09-16 2019-09-16 GR  

Powered by Koha